• 首页
  • 本馆介绍
  • 公告通知
  • 最新文献
  • 馆藏检索
  • 电子资源
  • 读者导购
  • 参考咨询
  • 我的图书馆
  • 登录
  • 详细信息显示
  • 放入我的书架
  • 预约/预借图书
  • 作者相关作品
  • 分类相关作品
  • 丛书相关作品
  • 出版社相关作品

书目信息

  • 表格格式
  • 工作单格式
  • 卡片格式
题名:
煤化工专业实训指导
    
 
作者: 薛金辉 主编
分册:  
出版信息: 北京   化学工业出版社  2005
页数: 162页
开本: 26cm
丛书名:
单 册:
中图分类: TQ53
科图分类:
主题词: 煤化工--高等教育--教材 , 煤化工
电子资源:
ISBN: 7-5025-5753-9
000 00821nam0 2200265 450
001 002837309
005 20070720105234.96
010    @a7-5025-5753-9@dCNY19.00
035    @a002837309
100    @a20050221d2005 em y0chiy0110 ea
101 0  @achi
102    @aCN@b110000
105    @ay z 000yy
106    @ar
200 1  @a煤化工专业实训指导@Amei hua gong zhuan ye shi xun zhi dao@f薛金辉主编@Fxue jin hui zhu bian
210    @a北京@c化学工业出版社@d2005
215    @a162页@d26cm
300    @a教育部高职高专规划教材
330    @a本书内容包括煤化工专业实训的基本要求、实训安全规程,洗煤、炼焦、煤气化、炼焦产品回收与精制岗位实训指导。
606 0  @a煤化工@x高等教育@j教材
606 0  @a煤化工
690    @aTQ53@v4
701  0 @a薛金辉@Axue jin hui@4主编
801  0 @aCN@bNLC@c20070720
905    @dTQ53@e21@f5
    
    煤化工专业实训指导/薛金辉主编.-北京:化学工业出版社,2005
    162页;26cm
    教育部高职高专规划教材
    
    ISBN 7-5025-5753-9:CNY19.00
    本书内容包括煤化工专业实训的基本要求、实训安全规程,洗煤、炼焦、煤气化、炼焦产品回收与精制岗位实训指导。
●
相关链接 在E读中查询图书 在五车中查询图书 在当当中查询图书 在豆瓣中查询图书


正题名:煤化工专业实训指导     索取号:TQ53/21         预约/预借

序号 登录号 条形码 馆藏地/架位号 状态 备注
1 0850361   208503617   第二样本阅览室/ [索取号:TQ53/21] 在馆    
2 0850362   208503626   第三借阅区/ [索取号:TQ53/21] 在馆    
3 0850363   208503635   第三借阅区/ [索取号:TQ53/21] 在馆    
4 0850364   208503644   第三借阅区/ [索取号:TQ53/21] 在馆    
5 0850365   208503653   第三借阅区/ [索取号:TQ53/21] 在馆    
唐山师范学院图书馆 欢迎您!
大连网信软件有限公司© 版权所有